[Event "FRA-chT Top 12"]
[Site "Drancy"]
[Date "2016.06.06"]
[Round "10.5"]
[White "Cornette, Matthieu"]
[Black "Letreguilly, Olivier"]
[Result "1-0"]
[WhiteElo "2579"]
[BlackElo "2306"]
[PlyCount "33"]
[EventDate "2016.05.28"]
[EventType "team-tourn"]
[EventRounds "11"]
[EventCountry "FRA"]
[SourceTitle "CBM 172 Extra"]
[Source "ChessBase"]
[SourceDate "2016.06.21"]
[SourceVersion "1"]
[SourceVersionDate "2016.06.21"]
[SourceQuality "1"]
[WhiteTeam "Bois Colombes"]
[BlackTeam "Chalons en Champagne"]
[WhiteTeamCountry "FRA"]
[BlackTeamCountry "FRA"]

1. e4 c5 2. Nf3 e6 3. d4 cxd4 4. Nxd4 Nc6 5. Nc3 Qc7 6. Be3 a6 7. Qf3 Bb4 8. Nxc6 Qxc6 9. Bd4 Nf6 10. Bd3 Be7 11. Qg3 d6 12. e5 dxe5 13. Bxe5 Bd7 14. 0-0-0 Qc5 15. Ne4 Nxe4 16. Bxe4 0-0-0 17. Rd3 1-0

[Event "FRA-chT Top 12"]
[Site "Drancy"]
[Date "2016.05.31"]
[Round "4.6"]
[White "Sebag, Marie"]
[Black "Letreguilly, Olivier"]
[Result "1-0"]
[WhiteElo "2490"]
[BlackElo "2306"]
[PlyCount "65"]
[EventDate "2016.05.28"]
[EventType "team-tourn"]
[EventRounds "11"]
[EventCountry "FRA"]
[SourceTitle "CBM 172 Extra"]
[Source "ChessBase"]
[SourceDate "2016.06.21"]
[SourceVersion "1"]
[SourceVersionDate "2016.06.21"]
[SourceQuality "1"]
[WhiteTeam "Strasbourg"]
[BlackTeam "Chalons en Champagne"]
[WhiteTeamCountry "FRA"]
[BlackTeamCountry "FRA"]

1. e4 e6 2. d4 d5 3. Nd2 Be7 4. Bd3 c5 5. dxc5 Nf6 6. Qe2 Nc6 7. Ngf3 0-0 8. 0-0 Bxc5 9. e5 Nd7 10. Nb3 Be7 11. c4 dxc4 12. Bxc4 Qc7 13. Bf4 Rd8 14. Rac1 Nf8 15. h4 Bd7 16. h5 h6 17. Nfd2 Rac8 18. Bd3 Qb8 19. a3 Be8 20. Qe3 Rd5 21. Be4 Rdd8 22. Rc3 a6 23. Rfc1 Kh8 24. Nc4 Na7 25. Nd6 Rxc3 26. bxc3 Bxd6 27. exd6 Nd7 28. Bxh6 Qxd6 29. Qg5 Qf8 30. Qxd8 gxh6 31. Bxb7 Kg7 32. Rd1 Ne5 33. Qd4 1-0

[Event "Sunningdale e2e4 op 04"]
[Site "Ascot"]
[Date "2014.04.20"]
[Round "7"]
[White "Letreguilly, Olivier"]
[Black "Longson, Sarah N"]
[Result "1-0"]
[WhiteElo "2342"]
[BlackElo "2094"]
[PlyCount "57"]
[EventDate "2014.04.17"]
[EventType "swiss"]
[EventRounds "9"]
[EventCountry "ENG"]
[SourceTitle "CBM 159 Extra"]
[Source "ChessBase"]
[SourceDate "2014.04.24"]
[SourceVersion "1"]
[SourceVersionDate "2014.04.24"]
[SourceQuality "1"]

1. d4 Nf6 2. Nf3 g6 3. g3 Bg7 4. Bg2 d5 5. c4 0-0 6. cxd5 Nxd5 7. 0-0 Nc6 8. e4 Nb6 9. d5 Ne5 10. Nxe5 Bxe5 11. Nc3 e6 12. Bh6 Bg7 13. Bxg7 Kxg7 14. Rc1 exd5 15. exd5 a6 16. Qd4+ f6 17. Rfe1 Rf7 18. Re3 Qd6 19. Rd1 Nd7 20. Re8 Rf8 21. Ne4 Qb6 22. Qxb6 Nxb6 23. Rxf8 Kxf8 24. Nxf6 h6 25. Re1 Bd7 26. Nxd7+ Nxd7 27. Rc1 Rc8 28. Bh3 Ke7 29. d6+ 1-0

[Event "Reunion op 13th"]
[Site "St Denis"]
[Date "2011.10.03"]
[Round "4"]
[White "Reinhart, Emmanuel"]
[Black "Letreguilly, Olivier"]
[Result "0-1"]
[WhiteElo "2335"]
[BlackElo "2342"]
[PlyCount "96"]
[EventDate "2011.10.01"]
[EventType "swiss"]
[EventRounds "9"]
[EventCountry "RUF"]
[SourceTitle "EXT 2012"]
[Source "ChessBase"]
[SourceDate "2011.11.24"]
[SourceVersion "1"]
[SourceVersionDate "2011.11.24"]
[SourceQuality "1"]

1. e4 d5 2. exd5 Nf6 3. Be2 Nxd5 4. d4 g6 5. c4 Nb6 6. Nc3 Bg7 7. Be3 0-0 8. Qd2 Nc6 9. c5 Nd5 10. Nxd5 Qxd5 11. Bf3 Qc4 12. Ne2 Bf5 13. 0-0 Rad8 14. Rfc1 Qd3 15. Qe1 Qb5 16. Qc3 e5 17. a4 Qa6 18. Bxc6 bxc6 19. Qd2 Bd3 20. Ng3 exd4 21. Bh6 Bxh6 22. Qxh6 Qc8 23. Ra3 Bf5 24. Nxf5 Qxf5 25. Rf3 Qe5 26. Rh3 Qg7 27. Qxg7+ Kxg7 28. Rd3 Kf6 29. f3 Rfe8 30. Kf2 Rb8 31. b3 Rb4 32. Rcd1 Rd8 33. Ke2 Rd5 34. Rc1 Rh5 35. h3 Ke5 36. Kd2 Kd5 37. f4 Rf5 38. g3 Rf6 39. Rf3 Re6 40. f5 Re7 41. h4 Rb8 42. fxg6 fxg6 43. h5 Rbe8 44. hxg6 Re2+ 45. Kd3 R8e3+ 46. Rxe3 Rxe3+ 47. Kd2 hxg6 48. g4 Rxb3 0-1

[Event "FRA-ch Accession"]
[Site "Besancon"]
[Date "2006.08.25"]
[Round "10"]
[White "Philippe, Christophe"]
[Black "Letreguilly, Olivier"]
[Result "1/2-1/2"]
[WhiteElo "2411"]
[BlackElo "2313"]
[PlyCount "60"]
[EventDate "2006.08.15"]
[EventType "swiss"]
[EventRounds "10"]
[EventCountry "FRA"]
[SourceTitle "CBM 113 Extra"]
[Source "ChessBase"]
[SourceDate "2006.09.14"]
[SourceVersion "1"]
[SourceVersionDate "2006.09.14"]
[SourceQuality "1"]

1. e4 c5 2. Nf3 e6 3. d4 cxd4 4. Nxd4 Nc6 5. Nc3 Qc7 6. Be2 a6 7. 0-0 Nf6 8. Kh1 Nxd4 9. Qxd4 Bc5 10. Qd3 b5 11. f4 h5 12. e5 Ng4 13. Qh3 Nh6 14. a4 b4 15. Ne4 Bb7 16. Bf3 Be7 17. Nd6+ Bxd6 18. exd6 Qc4 19. Be3 Bxf3 20. Qxf3 0-0 21. Qxh5 Qxc2 22. Rf2 Qe4 23. Rf3 Rfc8 24. Rg3 Nf5 25. Rh3 f6 26. Bb6 Nxd6 27. Qh8+ Kf7 28. Qh5+ Kg8 29. Qh8+ Kf7 30. Qh5+ Kg8 1/2-1/2